[Event "Kieler Open 2018-A"]
[Site "Kiel"]
[Date "2018.07.29"]
[Round "3.16"]
[White "Gütschow, Martin"]
[Black "Pluska, Alexander"]
[Result "0-1"]
[WhiteElo "1968"]
[BlackElo "2199"]
[Annotator "FS"]
[PlyCount "78"]
[EventDate "2018.??.??"]
[WhiteTeam "Segeberg"]
[BlackTeam "SK Doppelbauer Kiel"]

1. e4 c5 2. d4 cxd4 3. c3 Nf6 4. e5 Nd5 5. Nf3 e6 6. Bc4 d6 7. exd6 Nb6 8. Bb3
dxc3 9. Nxc3 Bxd6 10. Bg5 Be7 11. Qxd8+ Kxd8 12. Bf4 Bb4 13. O-O-O+ Ke7 14. Ne4
Bd7 15. a3 Rc8+ 16. Kb1 Bc6 17. Bc2 Nd5 18. Bxb8 Raxb8 19. axb4 Nxb4 20. Nc3
Nxc2 21. Kxc2 b5 22. Kd3 b4 23. Ne4 f5 24. Ned2 Bb5+ 25. Ke3 Rc2 26. Rb1 Rd8
27. Rhd1 Rd3+ 28. Kf4 Kf6 29. Re1 g5+ 30. Nxg5 Rd4+ 31. Nge4+ fxe4 32. Nxe4+
Kg6 33. Ke5 Rd3 34. f4 Bc4 35. Red1 Rxd1 36. Rxd1 Rxg2 37. Nd2 Re2+ 38. Kd4 Bd5
39. Nc4 Re4+ 0-1

[Event "Kieler Open 2018-A"]
[Site "Kiel"]
[Date "2018.07.29"]
[Round "3.17"]
[White "Knudsen, Simon"]
[Black "Boyens, Birger"]
[Result "1-0"]
[WhiteElo "2197"]
[BlackElo "1935"]
[Annotator "FS"]
[PlyCount "113"]
[EventDate "2018.??.??"]
[WhiteTeam "SF Brackel"]
[BlackTeam "Husumer SV von 1898"]

1. e4 c5 2. Nf3 Nc6 3. Bb5 g6 4. Bxc6 dxc6 5. d3 Bg7 6. h3 e5 7. Be3 Qa5+ 8.
Nbd2 f6 9. O-O Bf8 10. Nc4 Qc7 11. a4 Be6 12. Nfd2 b5 13. Na3 Rb8 14. f4 exf4
15. Bxf4 Bd6 16. Qf3 Bxf4 17. Qxf4 Qxf4 18. Rxf4 f5 19. exf5 gxf5 20. Re1 Kd7
21. Nf3 Ne7 22. Ne5+ Kd6 23. Rh4 h5 24. Kh2 a6 25. Rf4 h4 26. axb5 cxb5 27. c4
Rh7 28. d4 cxd4 29. Rxd4+ Kc5 30. Rf4 bxc4 31. Nexc4 Ng6 32. Rf2 Bxc4 33. Rc2
Rb4 34. b3 Rxb3 35. Rxc4+ Kd5 36. Rd1+ Ke5 37. Rc5+ Kf6 38. Nc2 Rb2 39. Ne3 Ne7
40. Rd6+ Kg5 41. Rd7 Kf6 42. Rcc7 Rg7 43. Rxe7 Rxe7 44. Nd5+ Ke5 45. Nxe7 Ra2
46. Ng6+ Ke4 47. Nxh4 a5 48. Nf3 a4 49. Ra7 a3 50. h4 Ke3 51. h5 Kf2 52. h6 Kf1
53. Nh4 f4 54. h7 f3 55. h8=Q fxg2 56. Qf6+ Rf2 57. Qa1+ 1-0

[Event "Kieler Open 2018-A"]
[Site "Kiel"]
[Date "2018.07.29"]
[Round "3.18"]
[White "Weber, Jannis"]
[Black "Horn, Peter"]
[Result "1/2-1/2"]
[WhiteElo "1890"]
[BlackElo "2112"]
[Annotator "FS"]
[PlyCount "177"]
[EventDate "2018.??.??"]
[WhiteTeam "SV Hennef"]
[BlackTeam "SC Concordia SAbt Palame"]

1. e4 e6 2. d4 d5 3. Nd2 Be7 4. c3 c5 5. e5 Nc6 6. Bd3 Qb6 7. Ndf3 cxd4 8. cxd4
f6 9. exf6 Nxf6 10. Ne2 O-O 11. O-O Bd6 12. Rb1 Nb4 13. Bf4 Nxd3 14. Qxd3 Bxf4
15. Nxf4 Ne4 16. Ne2 Bd7 17. Nc3 Nd6 18. Rfe1 Rae8 19. b3 Bb5 20. Nxb5 Qxb5 21.
Qxb5 Nxb5 22. a4 Nd6 23. Rbc1 Re7 24. Rc2 Rf4 25. Rce2 Re4 26. Rxe4 Nxe4 27.
Rc1 Nd6 28. Ne5 g5 29. g4 Kg7 30. f3 Kf6 31. Kf2 Nf7 32. Nxf7 Rxf7 33. Rc5 Rd7
34. Ke3 e5 35. Rc8 exd4+ 36. Kxd4 Ke6 37. Re8+ Kf6 38. Rf8+ Kg6 39. Rf5 Rc7 40.
Rxd5 Rf7 41. Ke3 Re7+ 42. Kf2 b6 43. Rd6+ Kg7 44. b4 Rc7 45. b5 h6 46. Rc6 Rb7
47. Re6 Rc7 48. Re4 Kf6 49. h3 Rc2+ 50. Kg3 Rc7 51. Rd4 Ke5 52. Rd8 Kf6 53.
Rd6+ Kg7 54. Rc6 Rd7 55. a5 bxa5 56. Ra6 Rb7 57. Rxa5 Rc7 58. Ra3 Rb7 59. Ra5
Rc7 60. h4 Kg6 61. Ra6+ Kg7 62. Rc6 Rf7 63. Rc5 Kg6 64. hxg5 hxg5 65. Kf2 Re7
66. Rd5 Kf6 67. Rf5+ Kg6 68. Rc5 Kf6 69. Rc6+ Kg7 70. Ra6 Rb7 71. Ke3 Rxb5 72.
Rxa7+ Kf6 73. Ra6+ Kf7 74. Rd6 Re5+ 75. Kd4 Re1 76. Rd5 Kf6 77. Rf5+ Kg6 78.
Kd5 Re3 79. Kd6 Rd3+ 80. Ke5 Re3+ 81. Kd4 Ra3 82. Ke4 Ra4+ 83. Ke3 Ra3+ 84. Kf2
Ra2+ 85. Kg3 Ra3 86. Rb5 Kf6 87. Rb6+ Kf7 88. Kf2 Kg7 89. Rb5 1/2-1/2

[Event "Kieler Open 2018-A"]
[Site "Kiel"]
[Date "2018.07.29"]
[Round "3.19"]
[White "Ghadimi, Mohammed Reza"]
[Black "Hoffmann, Joachim"]
[Result "0-1"]
[WhiteElo "2108"]
[BlackElo "1911"]
[Annotator "FS"]
[PlyCount "86"]
[EventDate "2018.??.??"]
[WhiteTeam "SK Doppelbauer Kiel"]
[BlackTeam "SK Doppelbauer Kiel"]

1. e4 c6 2. d4 d5 3. f3 e6 4. Nc3 Bb4 5. Qd3 b6 6. Qe3 Nf6 7. Bd2 O-O 8. a3
Bxc3 9. Bxc3 Ba6 10. Bd3 Bxd3 11. cxd3 Na6 12. Ne2 Nc7 13. O-O Nd7 14. Bb4 Re8
15. Rac1 a5 16. Bd6 Nb8 17. e5 Qd7 18. a4 Rc8 19. Qg5 h6 20. Qg4 Ne8 21. Ba3
Na6 22. Nf4 c5 23. Nh5 Qxa4 24. f4 Qxd4+ 25. Kh1 b5 26. Rf3 b4 27. Nxg7 Nxg7
28. Rg3 Kf8 29. Qxg7+ Ke8 30. Qf6 Kd7 31. Qxf7+ Kc6 32. Qxe6+ Kb7 33. Rg6 c4
34. Qd7+ Nc7 35. Qc6+ Kb8 36. dxc4 Ra6 37. Qd7 Rxg6 38. cxd5 Qxd5 39. Qh3 Rcg8
40. Qf3 Rxg2 41. Qxd5 Nxd5 42. f5 Nf4 43. f6 Nd3 0-1

[Event "Kieler Open 2018-A"]
[Site "Kiel"]
[Date "2018.07.29"]
[Round "3.20"]
[White "Dittmann, Hans-Adolf"]
[Black "Basey, Matthew"]
[Result "1-0"]
[WhiteElo "2102"]
[BlackElo "1889"]
[Annotator "FS"]
[PlyCount "73"]
[EventDate "2018.??.??"]
[WhiteTeam "Preetzer TSV"]
[BlackTeam "Kieler SG"]

1. e4 d6 2. d4 Nf6 3. Nc3 Nbd7 4. e5 dxe5 5. dxe5 Nxe5 6. Qxd8+ Kxd8 7. Bf4 Ng6
8. O-O-O+ Bd7 9. Bg3 c6 10. Nf3 e6 11. h4 Ke8 12. h5 Ne7 13. Bd3 Ned5 14. Ne4
Nxe4 15. Bxe4 Be7 16. Rhe1 f6 17. c4 Nb6 18. b3 Ba3+ 19. Kc2 Ke7 20. Nd4 Kf7
21. Bc7 Nd5 22. Ba5 Nb4+ 23. Kb1 b6 24. Bxb4 Bxb4 25. Nc2 Bxe1 26. Rxd7+ Ke8
27. Bxc6 Rc8 28. Rc7+ Kd8 29. Rxc8+ Kxc8 30. Nxe1 g6 31. Nd3 Kc7 32. Bf3 g5 33.
Kc2 Kd6 34. b4 a5 35. a3 axb4 36. axb4 Rd8 37. Kc3 1-0

[Event "Kieler Open 2018-A"]
[Site "Kiel"]
[Date "2018.07.29"]
[Round "3.21"]
[White "Papesch, Dennis"]
[Black "Wunder, Niklas"]
[Result "0-1"]
[WhiteElo "1850"]
[BlackElo "2099"]
[Annotator "FS"]
[PlyCount "152"]
[EventDate "2018.??.??"]
[WhiteTeam "Raisdorf"]
[BlackTeam "SC Weiler im Allgäu e. V."]

1. c4 e5 2. g3 c6 3. Bg2 d5 4. cxd5 cxd5 5. d4 e4 6. Nc3 Nc6 7. Nh3 h6 8. O-O
Nf6 9. f3 exf3 10. Rxf3 Be7 11. Rf1 O-O 12. Nf4 Be6 13. e3 Qd7 14. b3 Rad8 15.
a4 Bb4 16. Bd2 Rfe8 17. Rc1 Bg4 18. Qc2 Bf5 19. Qd1 Bxc3 20. Rxc3 Ne4 21. Rc1
Bg4 22. Qc2 a5 23. Nd3 Bh3 24. Nc5 Nxc5 25. Qxc5 Bxg2 26. Kxg2 Re4 27. Bxa5
Nxa5 28. Qxa5 Rxe3 29. Qc7 Re2+ 30. Kg1 Qe8 31. Qf4 Rd6 32. Qf3 Rf6 33. Rc8
Rxf3 34. Rxe8+ Rxe8 35. Rxf3 Re1+ 36. Kf2 Rb1 37. Rc3 Kh7 38. h4 Kg6 39. Kf3 h5
40. Kf2 f6 41. Ke2 Kf5 42. Kf3 b6 43. Ke3 g5 44. hxg5 fxg5 45. Kd2 Ke4 46. Kc2
Kxd4 47. Rc6 Rg1 48. Rh6 Rg2+ 49. Kb1 Kc5 50. Rxh5 Rxg3 51. Kc2 Kd4 52. Rh6
Rg2+ 53. Kb1 Kc5 54. b4+ Kxb4 55. Rxb6+ Kxa4 56. Kc1 g4 57. Kd1 g3 58. Rg6 Kb3
59. Ke1 d4 60. Kf1 Rf2+ 61. Ke1 Rf3 62. Ke2 Re3+ 63. Kd2 Kc4 64. Rg5 Ra3 65.
Ke2 Ra2+ 66. Kf1 g2+ 67. Kg1 Kc3 68. Rc5+ Kd3 69. Rc8 Re2 70. Rd8 Kc3 71. Rc8+
Kd2 72. Rd8 d3 73. Rd7 Kc2 74. Rc7+ Kd1 75. Rd7 d2 76. Rd8 Ke1 0-1

[Event "Kieler Open 2018-A"]
[Site "Kiel"]
[Date "2018.07.29"]
[Round "3.22"]
[White "Quante, Lennart"]
[Black "Isler, Benjamin"]
[Result "0-1"]
[WhiteElo "2083"]
[BlackElo "1885"]
[Annotator "FS"]
[PlyCount "92"]
[EventDate "2018.??.??"]
[WhiteTeam "SK Münster 32 e.V."]
[BlackTeam "Flensburger SK"]

1. d4 Nf6 2. c4 e6 3. g3 c5 4. Nf3 b5 5. cxb5 cxd4 6. Qxd4 a6 7. Bg2 Bb7 8.
bxa6 Nc6 9. Qd1 Rxa6 10. O-O Qa8 11. Nc3 Ra5 12. Be3 Bb4 13. Bb6 Bxc3 14. bxc3
Rxa2 15. Rxa2 Qxa2 16. Qd6 Qa6 17. Bd4 Nxd4 18. Qb8+ Bc8 19. cxd4 O-O 20. Qb2
Bb7 21. Ra1 Qc6 22. Rc1 Qa6 23. Ra1 Qc6 24. Ne1 d5 25. Rc1 Qa6 26. Nd3 Rc8 27.
Nc5 Qc6 28. Ra1 Ba8 29. e3 Qe8 30. Ra7 Rb8 31. Qa2 Bc6 32. Ra6 g6 33. Bf3 Bb5
34. Ra7 Bd3 35. Qa1 Qb5 36. g4 h5 37. gxh5 gxh5 38. Ra8 Kg7 39. Nxe6+ fxe6 40.
Qa7+ Rb7 41. Qa3 Qb1+ 42. Kg2 Qf1+ 43. Kg3 h4+ 44. Kf4 Rf7 45. Ra7 Nd7+ 46. Kg4
Qg1+ 0-1

[Event "Kieler Open 2018-A"]
[Site "Kiel"]
[Date "2018.07.29"]
[Round "3.23"]
[White "Andresen, Erik"]
[Black "Svane, Henrik"]
[Result "0-1"]
[WhiteElo "1844"]
[BlackElo "2081"]
[Annotator "FS"]
[PlyCount "84"]
[EventDate "2018.??.??"]
[WhiteTeam "Flensburger SK"]
[BlackTeam "MTV Leck von 1889"]

1. e4 e6 2. d4 d5 3. Nd2 c5 4. exd5 Qxd5 5. dxc5 Bxc5 6. Ngf3 Nf6 7. Bc4 Qc6 8.
Qe2 a6 9. a4 Nbd7 10. Nb3 b6 11. Nxc5 Nxc5 12. b3 O-O 13. Bb2 Bb7 14. Bxf6 gxf6
15. O-O-O Rfc8 16. Nd4 Qe4 17. f3 Qxe2 18. Bxe2 Rc7 19. Kb2 Rac8 20. Rd2 Rd7
21. Rhd1 Rcd8 22. Bd3 f5 23. Ne2 e5 24. Kc1 f4 25. b4 Nxd3+ 26. Rxd3 Rxd3 27.
Rxd3 Rxd3 28. cxd3 a5 29. Kb2 axb4 30. Kb3 Ba6 31. Kxb4 Bxd3 32. Nc3 Bf1 33. g3
fxg3 34. hxg3 Bg2 35. f4 exf4 36. gxf4 h5 37. Ne2 h4 38. Kc3 h3 39. Kd2 h2 40.
Ng3 h1=Q 41. Nxh1 Bxh1 42. Kc3 Kg7 0-1

[Event "Kieler Open 2018-A"]
[Site "Kiel"]
[Date "2018.07.29"]
[Round "3.24"]
[White "Dengla, Aarav"]
[Black "Besenthal, Klaus-Günther"]
[Result "1/2-1/2"]
[WhiteElo "1805"]
[BlackElo "2053"]
[Annotator "FS"]
[PlyCount "53"]
[EventDate "2018.??.??"]
[WhiteTeam "Indien"]
[BlackTeam "Lübecker SV von 1873"]
[WhiteTeamCountry "IND"]

1. e4 Nc6 2. Nf3 d6 3. d4 Nf6 4. Nc3 g6 5. h3 Bg7 6. Be2 O-O 7. Be3 e5 8. dxe5
Nxe5 9. Nxe5 dxe5 10. Qxd8 Rxd8 11. Rd1 Rxd1+ 12. Bxd1 Be6 13. Nb5 Bc4 14. Nc3
Bf8 15. a3 c6 16. Be2 Be6 17. f3 Nh5 18. Kf2 Nf4 19. Bf1 b5 20. Ne2 Nh5 21. Ng3
Nxg3 22. Kxg3 f5 23. exf5 gxf5 24. f4 e4 25. Be2 a5 26. c3 Rd8 27. Rd1 1/2-1/2

[Event "Kieler Open 2018-A"]
[Site "Kiel"]
[Date "2018.07.29"]
[Round "3.25"]
[White "Bernhardt, Gerd"]
[Black "Nottenkämper, Franz-Ludwig"]
[Result "1-0"]
[WhiteElo "2033"]
[BlackElo "1823"]
[Annotator "FS"]
[PlyCount "129"]
[EventDate "2018.??.??"]
[WhiteTeam "Eckernförder SC von 1921"]
[BlackTeam "TV Mehrhoog"]

1. d4 Nf6 2. Nf3 e6 3. Nbd2 b6 4. e4 d6 5. Bd3 Bb7 6. O-O Be7 7. Qe2 O-O 8. Rd1
Re8 9. c3 a6 10. a3 Nbd7 11. Nf1 c5 12. Bf4 b5 13. Ng3 cxd4 14. cxd4 Nf8 15.
Rac1 Ng6 16. Bd2 Qb6 17. h3 Rac8 18. Be3 Qd8 19. b4 Rxc1 20. Rxc1 Qa8 21. Nd2
Rc8 22. Rxc8+ Qxc8 23. Nb1 Nd7 24. Qc2 Qxc2 25. Bxc2 Bf6 26. Nd2 Kf8 27. Kf1
Ne7 28. Nh5 Nc6 29. Nxf6 Nxf6 30. Ke2 h6 31. Kd3 Ke7 32. g4 Kd7 33. f4 Ne7 34.
Bd1 Ng6 35. g5 hxg5 36. fxg5 Nh7 37. Bg4 Ke7 38. Nf3 Nhf8 39. h4 Nd7 40. h5
Ngf8 41. Nh4 Nb6 42. h6 gxh6 43. gxh6 Nbd7 44. Nf3 Nh7 45. Bf2 Nb6 46. Bh4+ f6
47. e5 dxe5 48. dxe5 Nd5 49. exf6+ Ndxf6 50. Nd4 Bd5 51. Bf3 Kf7 52. Bxd5 Nxd5
53. Ke4 Nc3+ 54. Ke5 Nb1 55. Nc2 Nd2 56. Kd6 Nf3 57. Bg3 Nf6 58. Kc6 Ne4 59.
Bf4 e5 60. Be3 Nc3 61. Kb7 Nb1 62. Kxa6 Nd4 63. Nxd4 exd4 64. Bxd4 Nxa3 65. h7
1-0

[Event "Kieler Open 2018-A"]
[Site "Kiel"]
[Date "2018.07.29"]
[Round "3.26"]
[White "Wanner, Lukas"]
[Black "Bücker, Timo"]
[Result "1/2-1/2"]
[WhiteElo "2025"]
[BlackElo "1801"]
[Annotator "FS"]
[PlyCount "97"]
[EventDate "2018.??.??"]
[WhiteTeam "SK Doppelbauer Kiel"]
[BlackTeam "Kappeln"]

1. c4 e5 2. g3 Nc6 3. Bg2 f5 4. Nc3 Nf6 5. Nf3 e4 6. Nh4 d6 7. d3 Be7 8. Bg5
O-O 9. dxe4 Nxe4 10. Bxe7 Qxe7 11. Nxe4 fxe4 12. Qd5+ Be6 13. Qxe4 Rae8 14. O-O
Qf7 15. b3 Bh3 16. Qd3 Bxg2 17. Nxg2 Nb4 18. Qd2 a5 19. Rad1 Qf5 20. a3 Nc6 21.
Qd5+ Kh8 22. Qxf5 Rxf5 23. e3 g5 24. h4 h6 25. hxg5 hxg5 26. f4 gxf4 27. gxf4
b5 28. Rd5 Rxd5 29. cxd5 Ne7 30. Rd1 Nf5 31. Kf2 Kg7 32. Kf3 Rh8 33. Rc1 Kf6
34. Rxc7 Rh3+ 35. Kf2 Ng3 36. Ne1 Ne4+ 37. Ke2 Rh2+ 38. Kd3 Nc5+ 39. Kc3 b4+
40. axb4 axb4+ 41. Kc4 Re2 42. Nf3 Rxe3 43. Nd4 Re4 44. Rc6 Ke7 45. f5 Kd7 46.
Rb6 Nxb3 47. Kxb3 Rxd4 48. Rb7+ Ke8 49. Rb6 1/2-1/2

[Event "Kieler Open 2018-A"]
[Site "Kiel"]
[Date "2018.07.29"]
[Round "3.27"]
[White "Fleischmann, Yannic"]
[Black "Lorenzen, Jan-Hendrik"]
[Result "1/2-1/2"]
[WhiteElo "1748"]
[BlackElo "2024"]
[Annotator "FS"]
[PlyCount "37"]
[EventDate "2018.??.??"]
[WhiteTeam "Segeberg"]
[BlackTeam "Eckernförder SC von 1921"]

1. e4 d6 2. d4 g6 3. c3 Nd7 4. f4 e6 5. Nf3 Bg7 6. Bd3 Ne7 7. Nbd2 f5 8. Qb3 d5
9. e5 c6 10. a4 a5 11. Qc2 h6 12. b3 b6 13. Ba3 Ba6 14. Bxa6 Rxa6 15. Nf1 Nc8
16. h4 Bf8 17. Bxf8 Nxf8 18. Qf2 h5 19. Ne3 1/2-1/2

[Event "Kieler Open 2018-A"]
[Site "Kiel"]
[Date "2018.07.29"]
[Round "3.28"]
[White "Quiring, Nikolai"]
[Black "Salwasser, Christian"]
[Result "1-0"]
[WhiteElo "2006"]
[BlackElo "1718"]
[Annotator "FS"]
[PlyCount "57"]
[EventDate "2018.??.??"]
[WhiteTeam "SV VHS Rendsburg"]
[BlackTeam "SC Rastatt"]

1. d4 d5 2. c4 e6 3. Nc3 Nf6 4. cxd5 Nxd5 5. e4 Nxc3 6. bxc3 c5 7. Rb1 Be7 8.
Bc4 cxd4 9. cxd4 O-O 10. Nf3 Qc7 11. Qe2 Nc6 12. O-O a6 13. Be3 b5 14. Bb3 Na5
15. Rfc1 Qb7 16. Bf4 Nxb3 17. Rxb3 Qd7 18. Ne5 Qxd4 19. Nc6 Qd7 20. Rd3 Qe8 21.
Nxe7+ Qxe7 22. Bd6 Qg5 23. f4 Qf6 24. e5 Qxf4 25. Rf1 Qg5 26. Bxf8 Kxf8 27. Qf2
Qg6 28. Qc5+ Ke8 29. Qc6+ 1-0

[Event "Kieler Open 2018-A"]
[Site "Kiel"]
[Date "2018.07.29"]
[Round "3.29"]
[White "Callsen, Niklas"]
[Black "Deutschbein, Christopher"]
[Result "1-0"]
[WhiteElo "1705"]
[BlackElo "1990"]
[Annotator "FS"]
[PlyCount "65"]
[EventDate "2018.??.??"]
[WhiteTeam "Flensburger SK"]
[BlackTeam "Bille SC von 1924 e.V."]

1. d4 d5 2. c4 e6 3. Nc3 Nf6 4. cxd5 exd5 5. Bg5 Be7 6. e3 O-O 7. Bd3 b6 8.
Bxf6 Bxf6 9. Qh5 g6 10. Qxd5 Qxd5 11. Nxd5 Bd8 12. Be4 c6 13. Nb4 f5 14. Bf3
Bb7 15. Rc1 Rf6 16. Ne2 a5 17. Nd3 g5 18. g3 Ra7 19. h4 h6 20. Ne5 Re6 21. Nd3
Nd7 22. Kd2 Bf6 23. b3 Be7 24. hxg5 hxg5 25. d5 cxd5 26. Nd4 Ne5 27. Nxe6 Nxf3+
28. Ke2 d4 29. Rc7 Bf6 30. Rh6 Ne5 31. Rxf6 Bf3+ 32. Kd2 dxe3+ 33. fxe3 1-0

[Event "Kieler Open 2018-A"]
[Site "Kiel"]
[Date "2018.07.29"]
[Round "3.31"]
[White "Bungarten, Jona"]
[Black "Neuendorf, Max"]
[Result "1/2-1/2"]
[WhiteElo "1546"]
[BlackElo "1981"]
[Annotator "FS"]
[PlyCount "37"]
[EventDate "2018.??.??"]
[WhiteTeam "SF Brackel"]
[BlackTeam "Flensburger SK"]

1. e4 c5 2. d4 cxd4 3. c3 d5 4. exd5 Qxd5 5. cxd4 Nc6 6. Nf3 e5 7. Nc3 Bb4 8.
dxe5 Bxc3+ 9. bxc3 Qxd1+ 10. Kxd1 Bg4 11. Kc2 O-O-O 12. Bg5 Re8 13. Re1 f6 14.
exf6 Nxf6 15. Rxe8+ Rxe8 16. Bxf6 gxf6 17. Bb5 Bxf3 18. gxf3 Rg8 19. Bxc6
1/2-1/2

[Event "Kieler Open 2018-A"]
[Site "Kiel"]
[Date "2018.07.29"]
[Round "3.32"]
[White "Teichert, Felix"]
[Black "Hu, Yik Kwan"]
[Result "1-0"]
[WhiteElo "1981"]
[BlackElo "1504"]
[Annotator "FS"]
[PlyCount "122"]
[EventDate "2018.??.??"]
[WhiteTeam "Leegebrucher SF"]
[BlackTeam "Hong Kong"]
[BlackTeamCountry "HKG"]

1. b3 b6 2. Bb2 Bb7 3. d4 e6 4. Nf3 Nf6 5. e3 Be7 6. Bd3 O-O 7. c4 d5 8. O-O
Nbd7 9. Nc3 c5 10. Rc1 Rc8 11. Qe2 cxd4 12. Nxd4 Nc5 13. cxd5 Nxd3 14. Qxd3
Nxd5 15. Rfd1 Bf6 16. Ne4 Nb4 17. Rxc8 Nxd3 18. Rxd8 Bxd8 19. Rxd3 Bxe4 20. Rc3
Bf6 21. Rc7 a6 22. f3 Bd3 23. Kf2 Be5 24. Ra7 Bb5 25. Rb7 Rb8 26. Rxb8+ Bxb8
27. Nxb5 axb5 28. Bd4 Bc7 29. Ke2 Kf8 30. Kd3 f6 31. e4 Bxh2 32. Bxb6 Ke7 33.
Bc5+ Bd6 34. Kd4 Kd7 35. a4 Be5+ 36. Kd3 Kc6 37. Bf8 bxa4 38. bxa4 f5 39. f4
Bxf4 40. Bxg7 Kc5 41. Bf8+ Kc6 42. Kd4 Bc7 43. exf5 exf5 44. Bb4 h5 45. Be1 Bd6
46. a5 Bc7 47. Bd2 Bg3 48. Ke3 Kd5 49. Kf3 Be5 50. Bf4 Bd4 51. Bb8 Ke6 52. a6
Kf6 53. Kf4 Kg6 54. a7 Bxa7 55. Bxa7 h4 56. Bb8 Kh5 57. Kxf5 h3 58. g4+ Kh6 59.
Kf6 Kh7 60. g5 Kg8 61. Kg6 Kh8 1-0

[Event "Kieler Open 2018-A"]
[Site "Kiel"]
[Date "2018.07.29"]
[Round "3.33"]
[White "Lin, Ze Jun"]
[Black "Berenstein, Alexander"]
[Result "0-1"]
[WhiteElo "1528"]
[BlackElo "1975"]
[Annotator "FS"]
[PlyCount "84"]
[EventDate "2018.??.??"]
[WhiteTeam "Hong Kong"]
[BlackTeam "SV VHS Rendsburg"]
[WhiteTeamCountry "HKG"]

1. e4 e5 2. Nf3 Nc6 3. Bc4 h6 4. O-O d6 5. h3 g5 6. Nh2 Bg7 7. d3 Bd7 8. Nc3
Nf6 9. Nd5 Nxd5 10. Bxd5 Qf6 11. Be3 Qg6 12. f3 Nd8 13. c3 c6 14. Bb3 Ne6 15.
Bxe6 Bxe6 16. Qd2 O-O 17. c4 Rfd8 18. Qf2 a5 19. Rfd1 c5 20. a4 f5 21. b3 f4
22. Bc1 Bf6 23. Nf1 Kf7 24. Nd2 h5 25. g4 fxg3 26. Qxg3 Rg8 27. Kh2 g4 28. Rg1
h4 29. Qg2 g3+ 30. Kh1 Bg5 31. Nb1 Raf8 32. Nc3 Bxc1 33. Raxc1 Kg7 34. Rcf1 Qe8
35. Ne2 Qd7 36. Nxg3 hxg3 37. Qxg3+ Kf7 38. Qf2 Bxh3 39. Rd1 Rh8 40. Rg3 Ke8
41. Kg1 Be6 42. Kg2 Qh7 0-1

[Event "Kieler Open 2018-A"]
[Site "Kiel"]
[Date "2018.07.29"]
[Round "3.34"]
[White "Berger, Joachim"]
[Black "Schmidt, Gero"]
[Result "1/2-1/2"]
[WhiteElo "1966"]
[BlackElo "1741"]
[Annotator "FS"]
[PlyCount "46"]
[EventDate "2018.??.??"]
[WhiteTeam "Lübecker SV von 1873"]
[BlackTeam "TV Mehrhoog"]

1. d4 Nf6 2. Nf3 g6 3. Nc3 Bg7 4. e4 d6 5. Be3 O-O 6. Qd2 c6 7. Bd3 Nbd7 8. Bh6
e5 9. dxe5 dxe5 10. Bxg7 Kxg7 11. O-O Qc7 12. Qe3 b5 13. h3 Nh5 14. Ne2 a6 15.
g4 Nhf6 16. Ng3 h6 17. Rfd1 c5 18. Bf1 Bb7 19. Bg2 Rfd8 20. Kh2 Nf8 21. g5 Ng8
22. gxh6+ Kh8 23. Qc3 f6 1/2-1/2

[Event "Kieler Open 2018-A"]
[Site "Kiel"]
[Date "2018.07.29"]
[Round "3.35"]
[White "Schmidt, Peter"]
[Black "Rohmann, Volker"]
[Result "1/2-1/2"]
[WhiteElo "1932"]
[BlackElo "1789"]
[Annotator "FS"]
[PlyCount "46"]
[EventDate "2018.??.??"]
[WhiteTeam "Kieler SG"]
[BlackTeam "SVG Friedrichsort"]

1. e4 e5 2. d4 exd4 3. Bc4 Nc6 4. Nf3 Nf6 5. e5 d5 6. Bb5 Ne4 7. Nxd4 Bd7 8.
Bxc6 bxc6 9. O-O Bc5 10. f3 Ng5 11. f4 Ne4 12. Be3 Bb6 13. Nd2 Nxd2 14. Qxd2 c5
15. Nb3 d4 16. Bf2 O-O 17. a4 a5 18. c3 Be6 19. Nc1 Bc4 20. Re1 Qd5 21. cxd4
cxd4 22. Nd3 Rad8 23. Ra3 Rfe8 1/2-1/2

[Event "Kieler Open 2018-A"]
[Site "Kiel"]
[Date "2018.07.29"]
[Round "3.36"]
[White "Strätker, Sebastian"]
[Black "Liu, Mide"]
[Result "0-1"]
[WhiteElo "1887"]
[BlackElo "1655"]
[Annotator "FS"]
[PlyCount "98"]
[EventDate "2018.??.??"]
[WhiteTeam "ASV Rehau"]
[BlackTeam "Guandong"]

1. Nf3 Nf6 2. g3 d5 3. Bg2 c6 4. O-O g6 5. d4 Bg7 6. c4 O-O 7. cxd5 cxd5 8. Nc3
Nc6 9. Bf4 Bf5 10. Rc1 Rc8 11. Ne5 h6 12. a3 g5 13. Nxc6 Rxc6 14. Be5 e6 15.
Nb5 Qb6 16. a4 Rfc8 17. Rxc6 Rxc6 18. Qa1 Ne4 19. Bxe4 Bxe4 20. Nc3 f6 21. a5
Qd8 22. Nxe4 dxe4 23. d5 Qxd5 24. Bc3 Rd6 25. Qa4 Qc6 26. Qb3 a6 27. Ra1 Rd5
28. Ra4 Rb5 29. Qd1 Rd5 30. Qb3 Rb5 31. Qa2 Rc5 32. Rd4 Kh7 33. Rd8 Rd5 34.
Rxd5 exd5 35. Qa3 Qd7 36. e3 f5 37. Qc5 Bxc3 38. Qxc3 Kg6 39. b4 f4 40. exf4
gxf4 41. gxf4 d4 42. Qg3+ Kh7 43. Qb3 d3 44. Qd1 d2 45. Kg2 Qd3 46. Kg1 e3 47.
fxe3 Qxe3+ 48. Kg2 Qe4+ 49. Kg3 Qe1+ 0-1

[Event "Kieler Open 2018-A"]
[Site "Kiel"]
[Date "2018.07.29"]
[Round "3.37"]
[White "Olde, Henning"]
[Black "Werner, René"]
[Result "1-0"]
[WhiteElo "1839"]
[BlackElo "1856"]
[Annotator "FS"]
[PlyCount "111"]
[EventDate "2018.??.??"]
[WhiteTeam "SK Kollmar"]
[BlackTeam "Kieler SG"]

1. f4 d5 2. Nf3 Nf6 3. e3 Bg4 4. d4 e6 5. Nbd2 Be7 6. Bd3 Nbd7 7. O-O c5 8. c3
cxd4 9. exd4 Bd6 10. g3 Bh3 11. Re1 O-O 12. Ne5 h5 13. Ndf3 Ng4 14. Ng5 Ngxe5
15. Qxh5 Nf6 16. Bh7+ Kh8 17. Qxh3 Neg4 18. Bd3+ Nh6 19. Bd2 Kg8 20. Nf3 Re8
21. Ne5 Nd7 22. Ng4 Nxg4 23. Qxg4 Nf6 24. Qh3 Qb6 25. b3 e5 26. fxe5 Rxe5 27.
Rxe5 Bxe5 28. Qf1 Ne4 29. Bxe4 dxe4 30. Qf2 Bf6 31. Be3 Qc6 32. c4 Qd7 33. Rd1
Qg4 34. Rd2 Re8 35. Qf4 Qd7 36. g4 Re6 37. d5 Re5 38. h3 Bg5 39. Qg3 Bxe3+ 40.
Qxe3 b6 41. Re2 Qd6 42. Qf4 g5 43. Qe3 Qc5 44. Qxc5 bxc5 45. Kf2 Kf8 46. Ke3 f5
47. gxf5 Ke7 48. Rf2 Kf6 49. a3 a5 50. d6 Re8 51. d7 Rd8 52. Rd2 Kxf5 53. Rd5+
Ke6 54. Kxe4 Rxd7 55. Rxd7 Kxd7 56. Kd5 1-0

[Event "Kieler Open 2018-A"]
[Site "Kiel"]
[Date "2018.07.29"]
[Round "3.38"]
[White "Günther, Emil"]
[Black "Karlisch, Moritz"]
[Result "1/2-1/2"]
[WhiteElo "1601"]
[BlackElo "1839"]
[Annotator "FS"]
[PlyCount "68"]
[EventDate "2018.??.??"]
[WhiteTeam "SK Doppelbauer Kiel"]
[BlackTeam "SK Doppelbauer Kiel"]

1. d4 d5 2. c4 c6 3. cxd5 cxd5 4. Nc3 Nf6 5. Nf3 Nc6 6. Bf4 Bf5 7. e3 e6 8. Bd3
Bxd3 9. Qxd3 Bd6 10. Bxd6 Qxd6 11. O-O O-O 12. Rac1 a6 13. a3 Rfc8 14. Rc2 b5
15. b4 h6 16. Rfc1 Ne7 17. Ne5 Nd7 18. Nxd7 Qxd7 19. Nb1 Nf5 20. Nd2 Nd6 21.
Nb3 Nc4 22. Nc5 Qe7 23. Ra2 a5 24. Rca1 Ra7 25. h3 Rca8 26. Qe2 Qf6 27. a4 axb4
28. axb5 Rxa2 29. Rxa2 Qd8 30. Rxa8 Qxa8 31. b6 Nxb6 32. Qb5 Nc4 33. Qxb4 Qa1+
34. Kh2 Qa7 1/2-1/2

[Event "Kieler Open 2018-A"]
[Site "Kiel"]
[Date "2018.07.29"]
[Round "3.39"]
[White "Brinckmann, Dieter"]
[Black "Wenske, Hardy"]
[Result "1-0"]
[WhiteElo "1870"]
[BlackElo "1725"]
[Annotator "FS"]
[PlyCount "115"]
[EventDate "2018.??.??"]
[WhiteTeam "Mainz"]
[BlackTeam "Kieler SG"]

1. d4 d5 2. c4 c6 3. e3 Nf6 4. Nf3 a6 5. Bd3 Bg4 6. O-O e6 7. Nbd2 Bd6 8. Qc2
Nbd7 9. Re1 h6 10. b3 O-O 11. Bb2 Bxf3 12. Nxf3 dxc4 13. bxc4 b5 14. c5 Bc7 15.
e4 Re8 16. Rad1 Ba5 17. Re2 Qc7 18. g3 Reb8 19. Nd2 Bxd2 20. Rexd2 Nf8 21. Be2
Qe7 22. Bf3 Rc8 23. Bg2 N8h7 24. Re2 Qc7 25. Bc1 Rd8 26. Bf4 Qa5 27. Bd6 Ne8
28. Bf4 Nhf6 29. Bd2 Qc7 30. Bc3 a5 31. a3 Qb7 32. Qd2 Rdb8 33. Bxa5 Nc7 34.
Bb4 Na6 35. Bc3 Rd8 36. Qc2 Nc7 37. Qb2 Nce8 38. Red2 Nc7 39. d5 Nfe8 40. dxc6
Rxd2 41. Rxd2 Qa6 42. Bb4 Qc8 43. e5 Ra4 44. Qd4 Qa6 45. Rd3 Qc8 46. Qd7 Qb8
47. Be4 Ra7 48. Qd8 Qxd8 49. Rxd8 Kf8 50. Rd7 Ra6 51. f4 Ra7 52. Kf2 f5 53. Bf3
Ra6 54. h3 Nd5 55. Bxd5 exd5 56. c7 Rc6 57. Ba5 Rxc5 58. Bb4 1-0

[Event "Kieler Open 2018-A"]
[Site "Kiel"]
[Date "2018.07.29"]
[Round "3.40"]
[White "Hoppe, Marc"]
[Black "Farokhi, Keyvan"]
[Result "0-1"]
[WhiteElo "1723"]
[BlackElo "1848"]
[Annotator "FS"]
[PlyCount "60"]
[EventDate "2018.??.??"]
[WhiteTeam "SF Olfen 1975"]
[BlackTeam "SK Doppelbauer Kiel"]

1. d4 d5 2. Nf3 Nf6 3. Bf4 e6 4. e3 c5 5. c3 Nc6 6. Bb5 Qb6 7. Qe2 a6 8. Ba4
Be7 9. O-O O-O 10. dxc5 Bxc5 11. Nd4 e5 12. Nxc6 exf4 13. b4 bxc6 14. bxc5 Qxc5
15. exf4 Bg4 16. Qd3 Rfe8 17. Nd2 Be2 18. Qd4 Qxd4 19. cxd4 Bxf1 20. Bxc6 Bb5
21. Bxa8 Rxa8 22. Rc1 Re8 23. Nf3 Nd7 24. g3 f6 25. Rc2 Re2 26. Rxe2 Bxe2 27.
Nd2 Nb8 28. f3 Nc6 29. Kf2 Bb5 30. Ke3 Nb4 0-1